000 00516nam a2200193 a 4500
001 1777026775071
003 YourLibrary
005 20260424160637.0
008 260424s2010##################000#0#eng##
020 _a9780735591707
082 0 4 _a344
_bBUC
100 1 _aJohn F. Buckley, IV,
_eauthor.
245 1 0 _aWorkplace Safety Regulation 2011 :
260 _bAspen Publishers,
_c2010.
300 _a205 pages
650 0 _aBusiness & Economics.
942 _cENGLISH
040 _aYourLibrary
_beng
_cYourLibrary
999 _c619743
_d619743